| 000 | 00000nam 2200000zi 4500 |
| 001 | 9.909730 |
| 003 | CaOODSP |
| 005 | 20240216150347 |
| 006 | m o d f |
| 007 | cr ||||||||||| |
| 008 | 220401t20232023qucb o f00| 0 eng d |
| 020 | |a9780660428697 |
| 040 | |aCaOODSP|beng|erda|cCaOODSP |
| 043 | |an-cn-nf |
| 086 | 1 |aR64-105/81-2023E-PDF |
| 245 | 00|aTongait KakKasuangita SilakKijapvinga : |bTorngat Mountains National Park of Canada management plan, 2023. |
| 246 | 17|aTongait KakKasuangita SilakKijapvinga–Torngat Mountains National Park management plan |
| 264 | 1|a[Gatineau, QC] : |bParks Canada = Parcs Canada, |c2023. |
| 264 | 4|c©2023 |
| 300 | |a1 online resource (xii, 15 pages) : |bmaps |
| 336 | |atext|btxt|2rdacontent |
| 337 | |acomputer|bc|2rdamedia |
| 338 | |aonline resource|bcr|2rdacarrier |
| 500 | |aIssued also in French under title: Tongait KakKasuangita SilakKijapvinga : Parc national des Monts-Torngat plan directeur, 2023. |
| 650 | 0|aNational parks and reserves|zNewfoundland and Labrador|xManagement. |
| 710 | 2 |aParks Canada, |eissuing body. |
| 775 | 08|tTongait KakKasuangita SilakKijapvinga : |w(CaOODSP)9.909732 |
| 775 | 08|t[Tongait KakKasuangita SilakKijapvinga : |w(CaOODSP)9.934028 |
| 775 | 08|tTongait KakKasuangita SilakKijâpvinga : |w(CaOODSP)9.934070 |
| 776 | 0#|tTongait KakKasuangita SilakKijapvinga Torngat Mountains National Park of Canada management plan.|w(CaOODSP)9.909731 |
| 795 | |tTongait KakKasuangita SilakKijapvinga, Torngat Mountains National Park of Canada - management plan 2010 |w(CaOODSP)9.692504 |
| 856 | 40|qPDF|s5.41 MB|uhttps://publications.gc.ca/collections/collection_2024/pc/R64-105-81-2023-eng.pdf |
| 856 | 4 |qHTML|sN/A|uhttps://parks.canada.ca/pn-np/nl/torngats/info/gestion-management/plan-2023 |